Normal view
MARC view
Entry Topical Term
001 - CONTROL NUMBER
- control field: 8101
003 - CONTROL NUMBER IDENTIFIER
- control field: ARRUPE
005 - DATE AND TIME OF LATEST TRANSACTION
- control field: 20140206121554.0
008 - FIXED-LENGTH DATA ELEMENTS
- fixed length control field: 140206|| aca||aabn | a|a d
040 ## - CATALOGING SOURCE
- Original cataloging agency: ARRUPE
- Transcribing agency: ARRUPE
150 ## - HEADING--TOPICAL TERM
- Topical term or geographic name as entry element: Africa--Economic policy--Congresses
670 ## - SOURCE DATA FOUND
- Source citation: Work cat.: (ARRUPE)7371: Symposium on Economic Cooperation and Regional Intergration in Africa 8100, Economic cooperation and regional integration in Africa